The Fortymile quadrangle, Yukon-Tanana region, Alaska. (Record no. 24828)
[ view plain ]
| 000 -LEADER | |
|---|---|
| fixed length control field | 00653cam a22002291 4500 |
| 001 - CONTROL NUMBER | |
| control field | gs 09000151 |
| 003 - CONTROL NUMBER IDENTIFIER | |
| control field | DLC |
| 005 - DATE AND TIME OF LATEST TRANSACTION | |
| control field | 20260227111308.0 |
| 008 - FIXED-LENGTH DATA ELEMENTS--GENERAL INFORMATION | |
| fixed length control field | 720327s1909 xx 000 0 eng |
| 010 ## - LIBRARY OF CONGRESS CONTROL NUMBER | |
| LC control number | gs 09000151 |
| 035 ## - SYSTEM CONTROL NUMBER | |
| System control number | (OCoLC)271148 |
| 040 ## - CATALOGING SOURCE | |
| Original cataloging agency | DLC |
| Transcribing agency | ODaWU |
| Modifying agency | DLC |
| 050 00 - LIBRARY OF CONGRESS CALL NUMBER | |
| Classification number | QE75 |
| Item number | .B9 no. 375 |
| 051 ## - LIBRARY OF CONGRESS COPY, ISSUE, OFFPRINT STATEMENT | |
| Classification number | QE84.F5 |
| Item number | P8 |
| 100 1# - MAIN ENTRY--PERSONAL NAME | |
| Personal name | Prindle, Louis Marcus, |
| Dates associated with a name | 1865-1956. |
| 245 14 - TITLE STATEMENT | |
| Title | The Fortymile quadrangle, Yukon-Tanana region, Alaska. |
| 260 ## - PUBLICATION, DISTRIBUTION, ETC. | |
| Name of publisher, distributor, etc. | Govt. Print. Off., |
| Date of publication, distribution, etc. | 1909. |
| 300 ## - PHYSICAL DESCRIPTION | |
| Extent | 52 p. |
| 410 20 - SERIES STATEMENT/ADDED ENTRY--CORPORATE NAME [OBSOLETE, CAN/MARC], [LOCAL, USA] | |
| Corporate name or jurisdiction name as entry element | Geological Survey (U.S.) |
| Title of a work | Bulletin |
| -- | 375 |
| 650 #0 - SUBJECT ADDED ENTRY--TOPICAL TERM | |
| Topical term or geographic name entry element | Geology |
| Geographic subdivision | Alaska. |
| 650 #0 - SUBJECT ADDED ENTRY--TOPICAL TERM | |
| Topical term or geographic name entry element | Gold mines and mining |
| Geographic subdivision | Alaska. |
No items available.